Greece: Multiple Choice - Statistics

General Stats
  • This quiz has been taken 20 times
  • The average score is 7 of 10
Answer Stats
Question Answer % Correct
When did Athens host the Olympic games? 2004
100%
Which is the country that borders Greece? Albania
100%
Which city is the Greek capital? Athens
100%
Which is the biggest Greek island? Crete
100%
Alexander the Great was from: Macedonia
100%
When did Greece become independent? 1830
50%
Who is the Greek prime minister (May 2022) Kyriakos Mitsotakis
50%
Which is the biggest Greek stadium? OAKA stadium
50%
Which is the tallest mountain in Greece Olympus
50%
The Greek military junta lasted for: 7 years
0%
No matching quizzes found
Score Distribution
Percent of People with Each Score
Percentile by Number Answered
Your Score History
You have not taken this quiz